Annual survey concerning competitive conditions in the steel industry and industry efforts to adjusts and modernize

Na minha lista:
Detalhes bibliográficos
Formato: Livro
Idioma:Undetermined
Publicado em: Wahington USITC 1988
Assuntos:
Tags: Adicionar Tag
Sem tags, seja o primeiro a adicionar uma tag!
Thư viện lưu trữ: Trung tâm Học liệu Trường Đại học Cần Thơ
LEADER 00494nam a2200157Ia 4500
001 CTU_99581
008 210402s9999 xx 000 0 und d
082 |a 338.47669 
082 |b A615 
245 0 |a Annual survey concerning competitive conditions in the steel industry and industry efforts to adjusts and modernize 
260 |a Wahington 
260 |b USITC 
260 |c 1988 
650 |a Steel industry and trade 
904 |i Truc 
980 |a Trung tâm Học liệu Trường Đại học Cần Thơ